00783nam a2200229 a 4500001000900000005001700009008004100026020001500067040001800082050002600100100002400126245007000150260003000220300003200250500003400282650002900316650005000345700002700395942001100422999001300433952010700446BRCA_95220190320203224.0920923s1993 nyua---###---#001-0#eng-# a0847816559 aDLCcDLCdDLC 4aSB453.3.M4b.H33 19931 aHaas, Antonio9315110aGardens of MexicocAntonio Haas ; photographs by Nicolas Sapieha. aNueva YorkbRizzolic1993 a223 p.bil. a colorc29 cm. aIncluye índice alfabético14aJardineszMéxico9315214aJardinesxTrabajos IlustradoszMéxico931531 aSapieha, Nicolas93154 2lcccB c841d841 00104070aBRCAbBRCAd2008-06-26l0oSB453.3.M4 .H33 1993p01442r2019-03-22 00:00:00w2019-03-22yB